Pokémon - Les attaques de Ogerpon - Statistiques

Statistiques générales
  • Ce quiz a été pris 10 fois
  • Le résultat moyen est 9 sur 19
Statistiques - réponses
Niveaux Types Noms des attaques % Correct
Départ Plante Fouet Lianes
100%
Départ Combat Riposte
80%
Niveau 60 Combat Surpuissance
80%
Départ Plante Vampigraine
80%
Départ Combat Double Pied
60%
Niveau 66 Plante Martobois
60%
Niveau 54 Plante Mégafouet
60%
Niveau 42 Plante Synthèse
60%
Départ Normal Vive-Attaque
60%
Départ Plante Encornebois
40%
Niveau 30 Plante Massue Liane
40%
Départ Normal Par Ici
40%
Niveau 48 Plante Pico-Défense
40%
Niveau 24 Combat Balayette
20%
Niveau 12 Normal Croissance
20%
Niveau 36 Ténèbres Exécu-Son
20%
Niveau 6 Normal Puissance
0%
Niveau 18 Normal Souplesse
0%
Départ Normal Vengeance
0%
Aucun quiz correspondant
Distribution des résultats
% des personnes avec chaque résultat
Percentile par nombre de réponses
Votre historique - résultats
Vous n’avez pas pris ce quiz